Colleted poems

保存先:
書誌詳細
第一著者: Larkin, Philip (autor)
フォーマット: 図書
言語:英語
出版事項: Nueva York Farrar-Straus-Giraux 1989
主題:
タグ: タグ追加
タグなし, このレコードへの初めてのタグを付けませんか!

MARC

LEADER 00000nam a2200000 a 4500
001 UCW0291
003 CL-VaPUC
008 921102e19890000US |||||||||||||||||eng|d
082 0 4 |a 821  |b LAR  |2 21 
100 |a Larkin, Philip  |e autor  |9 572927 
245 1 0 |a Colleted poems 
300 |a 330 p 
942 |c BK 
945 |d 19921102 00:00:00 
260 |a Nueva York  |b Farrar-Straus-Giraux  |c 1989 
650 0 |a Poesías inglesas  |9 265094 
583 |a last modification  |c 19921102 00:00:00  |k Rodrigo Vera 
999 |c 215504  |d 215502 
952 |0 0  |1 0  |4 0  |6 821_000000000000000_LAR_1989  |7 0  |8 A  |9 199836  |a BIBART  |b BIBART  |d 2019-11-14  |i 2671077  |o 821 LAR 1989  |p 2671077  |r 2025-03-13  |w 2019-11-14  |y BK  |k ART